Quizzes
Events
Quiz Creation
Community
Videos
Private Events
Remove Ads
Sign In
Join for FREE
Feedback
Dark Mode
Quiz Categories
Sports
Geography
Music
Movies
Television
Just For Fun
Miscellaneous
History
Literature
Language
Science
Gaming
Entertainment
Religion
Holiday
For Kids
Quiz Lab
Recent
Popular Today
Quiz Kudos Today
Editor Picks
Curator Picks
Quizzes by...
Day
Popularity
Type
Ratings
Length
Year
Community
Subscriptions
Recent Discussions
Orange Saloon
Badges
Playlists
Quests
Create
Leaderboards
Showdown
Live 5
Trivia Bingo
Activity
Puzzle Library
Sporcle Events
Private Events
Virtual Trivia
Globe League
Become a Host
Pub Owners
SporcleCon
Opinionation
Our Games
Videos
Blog
Mobile Apps
Partnerships
Remove Ads and Go Orange
Feedback
Literature
Harry Potter
A Song of Ice and Fire
The Hunger Games
Literary Character
Shakespeare
Book
Author
Novel
Poem
Young Adult
Children's Books
Play
Lord of the Rings
Literature
Harry Potter
A Song of Ice and Fire
The Hunger Games
Literary Character
Shakespeare
Book
Author
Novel
Poem
Young Adult
Children's Books
Play
Lord of the Rings
Random Quiz
Search Sporcle
×
Quiz Lab
Quiz Lab
Literature
Harry Potter
Type in answers that appear in a list
Type in answers that appear in a list
Classic
Best Score? Go Orange.
Characters in Harry Potter and the Chamber of Secrets Stats
Can you name the characters in Harry Potter and the Chamber of Secrets?
By
harrystylesluver
15m
30 Questions
79 Plays
79 Plays
79 Plays
Comments
Comments
Give Quiz Kudos
Give Quiz Kudos
-
- Ratings
hide this ad
Minefield
Wrong answers will end the quiz
Wrong answers will end the quiz
Wrong Answers
Some wrong answers will appear in red
Some wrong answers will appear in red
Replay
Link that replays current quiz
Next Quiz
Link to next quiz in quiz playlist
You Got
0%
They Got
Avg Score
59%
Avg Friend Score
Upgrade to see
Score Distribution
Jump to the score distribution portion of the page
Score
0/30
Timer
15:00
0
Plays Today
Chapter
Name
% Correct
1
???
96.2%
1
???
91.1%
3
???
89.9%
3
???
89.9%
3
???
88.6%
1
???
86.1%
3
???
84.8%
3
???
79.7%
3
???
79.7%
1
???
75.9%
1
???
75.9%
1
???
75.9%
2
???
75.9%
2
???
73.4%
2
???
70.9%
Chapter
Name
% Correct
1
???
68.4%
3
???
67.1%
3
???
65.8%
1
???
63.3%
1
???
63.3%
1
???
53.2%
1
???
44.3%
1
???
44.3%
3
???
32.9%
3
???
22.8%
3
???
19%
3
???
5.1%
3
???
5.1%
3
???
3.8%
2
???
1.3%
Quiz Playlist
Details
Report
Send in Message
Add To Playlist
Classic:
Type in answers that appear in a list
Minefield:
Wrong answers will end the quiz
Wrong Answers:
Some wrong answers will appear in red
Last Updated: Feb 16, 2017
Quiz Scoreboard
CHALLENGE
Sign Up to Join the Scoreboard
Show All
Scores
Hide
Comments
May contain spoilers
Recently Published
Alphabetical 'K' Countries by Flag Minefield
by ylime102
Geography
3m
Pick 6: Fruits
by JohnFran
Miscellaneous
15s
Click the 1999 NBA Draft
by nibperrychub
Sports
2m
More to Explore
Quiz From the Vault
Featured Blog Post
15 Basketball Trivia Facts You Can Be March Mad About
hide this ad
You Might Also Like...
Tags
Harry Potter Quiz
Chamber
Chapter
Character
secret
Today's Top Quizzes in Literature
Browse Literature
hide this ad
Today's Top Quizzes in Harry Potter
Browse Harry Potter
Top Contributed Quizzes in Literature
1
4-to-1 Blitz: Harry Potter
2
Jane Eyre Character Quotes
3
Harry Potter Logic Quiz New
4
Percy Jackson Logic Puzzle (Hard!)
5
Pick 3: Harry Potter Hogwarts Quidditch Players
6
Keeper of the Lost Cities Logic Puzzle
7
Word Ladder: King's 'The Stand'
8
Cosmere Minesweeper
9
Literature Acrostic Puzzle
10
Pick 3: Dumbledore's Army
Explore More
Trending Topics
Disney
NBA
Kpop
Anime
Crossword
Marvel
Harry Potter
Song
Country
WWE
NFL
Pokémon
The Office
Soccer
Puzzle
hide this ad
More By:
harrystylesluver
Quiz
Plays
Rating
Category
Featured
Created
One Direction Lyrics
410
1.00
Music
Dec 25, 2012
Hunger Games: Who Dies?
399
1.30
Literature
Dec 19, 2012
Hunger Games Chain Quiz
230
3.50
Literature
Dec 28, 2012
Son of Neptune
124
Literature
Sep 7, 2013
Characters in Harry Potter and the Chamber of Secrets
79
2.67
Literature
Dec 29, 2012
Go to Creator's Profile
Score Distribution
Quiz Creator Spotlight
harrystylesluver
Follow
Send a Message
Quizzes Created
-
Created Quiz Play Count
-
More By This Creator
Popular Quizzes Today
1
Find the US States - No Outlines Minefield
2
Countries of Asia Without Outlines Minefield
3
Pick 6: Fruits
4
Alphabetical 'K' Countries by Flag Minefield
5
The Countries of the World
6
Click the 1999 NBA Draft
7
Find the US States
8
Match the Book to the Film X
More Literature Quizzes
Charles Dickens or William Shakespeare?
Published
Trending Quizzes
Pick 6: Harry Potter
Pick 6: Mountains
Pick 6: NFL Teams
Pick 6: Golfers
Pick 6: Movie Franchises
Recently Updated
Women's Final Four Teams by Year
bhenderson79
Presidents Quartet II
eogle
Anything But Clue(do)
eogle
Anything But Oceanian Capitals
eogle
Anything But 7
eogle
Anything But Thing
eogle
Word Ladder: February 29
pecheneg
Song Title Questions
pecheneg
Women's NCAA Tournament #1 Seeds
pecheneg
Celebrity Mug Shots
pecheneg
Trending Topics
Crossword
Disney
NBA
Anime
Kpop
Marvel
Harry Potter
NFL
Song
Puzzle
The Office
Country
WWE
Pokémon
Soccer
Your Account Isn't Verified!
In order to create a playlist on Sporcle, you need to verify the email address you used during registration. Go to your
Sporcle Settings
to finish the process.
Report this User
Report this user for behavior that violates our
Community Guidelines
.
Details:
Send Report
Go to the Sporcle.com Mobile Site →
Comments